000 00247nam a2200097Ia 4500
001 650166
005 20250826154354.0
008 250824s9999 xx 000 0 und d
245 0 _aALTIN IŞIK ANTİK
_cANONİM
260 _bANTİK DÜNYA KLASİKLERİ
999 _c650166
_d650166